Southville International School and Colleges
Your cart is empty.
  • Cart
  • Lists
    Public lists Eva Luna New books Lux_list list_1
    Your lists Log in to create your own lists
  • Log in to your account
  • Your cookies
  • Search history
Southville International School and Colleges
  • Advanced search
  • Recent comments
  • Most popular
  • Libraries

Log in to your account

Log in with GOOGLE


If you do not have an external account, but do have a local account, you can still log in:

  1. Home
  2. MARC view: Tasty healthy food
Normal view MARC view ISBD view

Tasty healthy food (Record no. 10142)

[ view plain ]
MARC details
000 -LEADER
fixed length control field 00501nam a22001817a 4500
003 - CONTROL NUMBER IDENTIFIER
control field OSt
005 - DATE AND TIME OF LATEST TRANSACTION
control field 20140310182158.0
008 - FIXED-LENGTH DATA ELEMENTS--GENERAL INFORMATION
fixed length control field 130902t xxu||||| |||| 00| 0 eng d
020 ## - INTERNATIONAL STANDARD BOOK NUMBER
International Standard Book Number 1863431934
050 ## - LIBRARY OF CONGRESS CALL NUMBER
Classification number TX 341
Item number .T215 1978
082 ## - DEWEY DECIMAL CLASSIFICATION NUMBER
Classification number HS 641.563
Item number V44 1997
100 ## - MAIN ENTRY--PERSONAL NAME
Personal name Vassallo, Jody
9 (RLIN) 16087
245 ## - TITLE STATEMENT
Title Tasty healthy food
Statement of responsibility, etc Jody Vassallo.
260 ## - PUBLICATION, DISTRIBUTION, ETC. (IMPRINT)
Place of publication, distribution, etc Autralia :
Name of publisher, distributor, etc AJ.B Fairfax Press Publication,
Date of publication, distribution, etc c1997.
300 ## - PHYSICAL DESCRIPTION
Extent 82 p. :
Other physical details ill. ;
Dimensions 28 cm
942 ## - ADDED ENTRY ELEMENTS (KOHA)
Source of classification or shelving scheme Library of Congress Classification
Koha item type
Holdings
Withdrawn status Lost status Source of classification or shelving scheme Damaged status Home library Current library Shelving location Date acquired Total Checkouts Full call number Barcode Date last seen Copy number Price effective from Koha item type
    Library of Congress Classification   Luxembourg Library Luxembourg Library High School Section 09/02/2013   TX 341 .T215 1978 15526 09/02/2013 1 09/02/2013 Books

Tasty healthy food

APA

Vassallo J., . (1997). Tasty healthy food. Autralia: AJ.B Fairfax Press Publication.

Chicago

Vassallo Jody, . 1997. Tasty healthy food. Autralia: AJ.B Fairfax Press Publication.

Harvard

Vassallo J., . (1997). Tasty healthy food. Autralia: AJ.B Fairfax Press Publication.

MLA

Vassallo Jody, . Tasty healthy food. Autralia: AJ.B Fairfax Press Publication. 1997.

  • Place hold
  • Print
  • Cite
  • Add to your cart (remove)
  • Save record
    BIBTEX Dublin Core MARCXML MARC (non-Unicode/MARC-8) MARC (Unicode/UTF-8) MARC (Unicode/UTF-8, Standard) MODS (XML) RIS
  • More searches
    Search for this title in:
    Other Libraries (WorldCat) Other Databases (Google Scholar) Online Stores (Bookfinder.com) Open Library (openlibrary.org)

Exporting to Dublin Core...

SOUTHVILLE LIBRARY

Southville International School and Colleges Library

1281 Tropical Ave. Cor. Luxembourg St., BF Homes International, Las Pinas City

Tel. No. 8256374 / 252358 Loc. 117/146

Powered by Koha